Normal view
MARC view
- Tayyaba Rasool
Entry Personal Name
001 - CONTROL NUMBER
- control field: 69719
003 - CONTROL NUMBER IDENTIFIER
- control field: NUST
005 - DATE AND TIME OF LATEST TRANSACTION
- control field: 20210628204300.0
008 - FIXED-LENGTH DATA ELEMENTS
- fixed length control field: 210628|| aca||aabn | a|a d
040 ## - CATALOGING SOURCE
- Original cataloging agency: NUST
- Transcribing agency: NUST
100 ## - HEADING--PERSONAL NAME
- Personal name: Tayyaba Rasool
670 ## - SOURCE DATA FOUND
- Source citation: Work cat.: (NUST): Tayyaba Rasool , TH-SOF-1611-Fake News Detection-A supervised Lerning Approach, 2019
